000 00808nam a2200265 4500
003 OSt
005 20240613074948.0
006 a
008 240613b |||||||| |||| 00| 0 eng d
020 _a9789814325352
040 _aDWCL-Main lib.
_cOC
082 _2Ninth edition
_aCirc. 658.4012 J77s 2012
100 _aJones, Gareth R
245 _aStrategic management : theory and cases /
250 _aNinth edition
260 _aSingapore :
_bCengage Learning Asia,
_cc2012.
300 _b827 p. : ill. ;
_c23 cm.
504 _aIncludes index.
650 _a1. Strategic planning.
650 _a2. Industrial management.
650 _a3. Industrial management–Case studies.
650 _a4. Strategic management.
700 _aGareth R. Jones
942 _2ddc
_n0
_cBK-CIRC
_eNinth edition
_kCirc.
999 _c636
_d636